| 000 | 00583nam a22002057a 4500 | ||
|---|---|---|---|
| 001 | 00028745 | ||
| 005 | 20260413082311.0 | ||
| 008 | 260413b ag ||||| |||| 00| 0 spa d | ||
| 020 | _a9789872584900 | ||
| 040 |
_aAR-CcCEOS _bspa _cAR-CcCEOS |
||
| 041 | _aspa | ||
| 080 | _a296.3 | ||
| 090 | _bBIS | ||
| 100 | 1 |
_aBisk, Tsvi, _d1943- _91043 |
|
| 245 |
_aEl judio optimista : _bUna visión positiva para el Pueblo Judio en el siglo XXI / _cTsvi Bisk |
||
| 264 |
_aArgentina : _bPROA, _cc2010. |
||
| 300 |
_a304 p. ; _c24x15 cm. |
||
| 655 | 0 |
_ajudaísmo _91044 |
|
| 942 |
_2udc _cBK _n0 |
||
| 999 |
_c28780 _d28780 |
||